|
|
|
|
| LEADER |
00000naa a2200000 i 4500 |
| 001 |
publ1148 |
| 005 |
20200204153923.0 |
| 008 |
200204s2016 hu o 000 zxx d |
| 020 |
|
|
|a 978-615-5607-20-2
|
| 040 |
|
|
|a BGE Publikációtár Repozitórium
|b hun
|
| 100 |
1 |
|
|a Marosán György
|
| 245 |
1 |
0 |
|a Sikerkeresés és kudarckerülés
|b egyéni és társadalmi alternatívák
|c Marosán György
|h [elektronikus dokumentum]
|
| 260 |
|
|
|a Budapesti Gazdasági Egyetem
|b Budapest
|c 2016
|
| 300 |
|
|
|a 10-23
|
| 490 |
0 |
|
|a Korkép
|
| 490 |
0 |
|
|a Korkép. XXI. századi kihívások
|
| 650 |
|
4 |
|a közgazdaságtudományok
|
| 856 |
4 |
0 |
|u https://publikaciotar.uni-bge.hu/id/eprint/1148/1/01_Marosan_Siker_es_kudarckerules.pdf
|z Dokumentum-elérés
|